000 00828nam a2200229Ii 4500
003 JO-AjNU
008 230605s9999||||xx |||||||||||||| ||und||
017 _a2005/14939
020 _a977-270-933-3
040 _aJO-AjNU
_bara
_erda
_cJO-AjNU
041 _aara
050 1 4 _aBP184.54.R35.Q25 2005
100 3 _aقاضي، عدنان عبد المنعم,
_eauthor
_924453
245 0 0 _aالأهلة نظرة شمولية ودراسات فلكية
250 _aط1
264 3 1 _aالقاهرة: الدار المصرية اللبنانية، 2005
300 _a323ص
_bالمراجع ص 255-323
336 _atext
_btxt
_2rdacontent
337 _aunmediated
_bn
_2rdamedia
338 _avolume
_bnc
_2rdacarrier
650 4 _aتقويم هجري- شهر رمضان- ثبوت الرؤيا- الاسلام والفلك
_924454
999 _aA9007
_c12575
_d12575